00704 2200241 4500001002100000005001500021035002000036008004100056245011000097100001700207250001000224260003500234300003200269020002200301084001600323082001000339650002500349700001700374700002000391504002900411990001100440990001100451INLIS00000000001171820220616014112 a0010-0622000228220616 g 0 ind 1 aBlue Print of My Life :bBahagia dengan Profesiku /cBunda Erina, Sri Hastuti; penyunting, Atiatul Mu'min aBUNDA, Erina acet.1 aJakarta :bPenebar Plus,c2016 a165 hal. :bilus. ;c20 cm. a978-602-127-946-5 a658.3 BUN b a658.3 4aMANAJEMEN. PERSONLIA0 aSRI, Hastuti0 aATIATUL, Mu'min aBibliografi : hal.163165 a7605 a a7605 b